00510nam a22001572 4500001001100000005001700011008004100028020002800069040001500097050001800112245008300130260005400213300001700267600003500284700003300319000000072320151217161128.0070216s xx 000 0 eng d a085111752X :cKES 1,200 aKABUcKABU 0aBS501b.A1H5710aHistorical handbook of major biblical interpreters /ceditor, Donald K. McKim. aLeicester, England :bInter Varsity Press,c1998. axxii, 643 p.10aBiblical scholars.@00001490421 aMcKim, Donald K.@0000149043